مبادئ زراعة المحاصيل الحقلية / (رقم التسجيلة. 24781)

تفاصيل مارك
000 -LEADER
fixed length control field 00663nam a22002177a 4500
005 - DATE AND TIME OF LATEST TRANSACTION
control field 20251108165317.0
008 - FIXED-LENGTH DATA ELEMENTS--GENERAL INFORMATION
fixed length control field 250721s9999 xx 000 0 ara d
082 14 - DEWEY DECIMAL CLASSIFICATION NUMBER
Classification number 633/بوي
100 1# - MAIN ENTRY--PERSONAL NAME
Personal name بويمر، كورد
245 10 - TITLE STATEMENT
Title مبادئ زراعة المحاصيل الحقلية /
250 ## - EDITION STATEMENT
Edition statement ط2
264 ## - PRODUCTION, PUBLICATION, DISTRIBUTION, MANUFACTURE, AND COPYRIGHT NOTICE
Name of producer, publisher, distributor, manufacturer جامعة صلاح الدين،
Date of production, publication, distribution, manufacture, or copyright notice [19-].
300 ## - PHYSICAL DESCRIPTION
Extent 244ص
650 17 - SUBJECT ADDED ENTRY--TOPICAL TERM
Topical term or geographic name as entry element المحاصيل الحقلية
650 17 - SUBJECT ADDED ENTRY--TOPICAL TERM
Topical term or geographic name as entry element المحاصيل الزراعية
650 17 - SUBJECT ADDED ENTRY--TOPICAL TERM
Topical term or geographic name as entry element الزراعة
700 1# - ADDED ENTRY--PERSONAL NAME
Personal name أمين، فرهاد أحمد
Relator term ترجمة
700 1# - ADDED ENTRY--PERSONAL NAME
Personal name علي، عثمان عمر
Relator term ترجمة
942 ## - ADDED ENTRY ELEMENTS (KOHA)
Source of classification or shelving scheme Dewey Decimal Classification
Koha item type كتب
المقتنيات
حالة السحب حالة الفقدان مصدر التصنيف حالة التلف غير قابل للإعارة المكتبة الرئيسية المكتبة الحالية موقع الرف تاريخ التزويد الرقم المتسلسل Total Checkouts رقم الإستدعاء الباركود تاريخ آخر ظهور تاريخ الفاتورة نوع المادة (كوها)
    Dewey Decimal Classification     المكتبة المركزية المكتبة المركزية الإعارة 06/07/2004 179631   633/بوي 179631 28/07/2025 06/07/2004 كتب
Implemented & Customized by: BBB with SCIT (Smart Chains for Information Technology)

Powered by Koha